<?xml version="1.0" encoding="UTF-8"?>
<resp>
  <nextPage>https://data.bn.org.pl/api/networks/bibs.marcxml?marc=001+b00001150002956&amp;sinceId=1150002957</nextPage>
  <collection>
    <record xmlns='http://www.loc.gov/MARC21/slim'><leader>01564namZa2200421ZiZ4500</leader><controlfield tag='001'>b00001150002956</controlfield><controlfield tag='005'>20260401103557.2</controlfield><controlfield tag='008'>230609s        pl           |000 0 pol c</controlfield><controlfield tag='009'>9913261416005606</controlfield><datafield ind1=' ' ind2=' ' tag='020'><subfield code='a'>8385594671</subfield></datafield><datafield ind1=' ' ind2=' ' tag='035'><subfield code='a'>KR_1KR_1_20120317235537042342-48omnis_kr</subfield></datafield><datafield ind1=' ' ind2=' ' tag='035'><subfield code='a'>KR_1_20120317235537042342</subfield><subfield code='9'>ExL</subfield></datafield><datafield ind1=' ' ind2=' ' tag='035'><subfield code='a'>(PL)b00001150002956</subfield></datafield><datafield ind1=' ' ind2=' ' tag='040'><subfield code='a'>KR_1</subfield><subfield code='c'>KR_1</subfield></datafield><datafield ind1='1' ind2=' ' tag='041'><subfield code='a'>pol</subfield><subfield code='h'>eng</subfield></datafield><datafield ind1='1' ind2=' ' tag='100'><subfield code='a'>Lewis, C. S.</subfield><subfield code='d'>(1898-1963)</subfield></datafield><datafield ind1='1' ind2='0' tag='245'><subfield code='a'>Siostrzeniec Czarodzieja /</subfield><subfield code='c'>C[live] S[taples] Lewis ; przeł. Andrzej Polkowski ; il. Pauline Baynes.</subfield></datafield><datafield ind1=' ' ind2=' ' tag='260'><subfield code='a'>Poznan :</subfield><subfield code='b'>&quot;Media Rodzina&quot;,</subfield><subfield code='c'>[2000].</subfield></datafield><datafield ind1=' ' ind2=' ' tag='300'><subfield code='a'>200 s. :</subfield><subfield code='b'>il. ;</subfield><subfield code='c'>20 cm.</subfield></datafield><datafield ind1='1' ind2=' ' tag='490'><subfield code='a'>Opowieści z Narnii</subfield></datafield><datafield ind1=' ' ind2=' ' tag='500'><subfield code='a'>d</subfield></datafield><datafield ind1='1' ind2=' ' tag='700'><subfield code='a'>Polkowski, Andrzej.</subfield><subfield code='e'>Tł.</subfield></datafield><datafield ind1='1' ind2=' ' tag='700'><subfield code='a'>Baynes, Pauline.</subfield><subfield code='e'>Il.</subfield></datafield><datafield ind1=' ' ind2=' ' tag='852'><subfield code='8'>22790153260008210</subfield><subfield code='j'>1</subfield><subfield code='b'>F14</subfield><subfield code='p'>10024643</subfield><subfield code='c'>UBYTKI_F14</subfield></datafield><datafield ind1=' ' ind2=' ' tag='852'><subfield code='8'>22790153220008210</subfield><subfield code='j'>1</subfield><subfield code='b'>F11</subfield><subfield code='p'>10066628</subfield><subfield code='c'>UBYTKI_F11</subfield></datafield><datafield ind1=' ' ind2=' ' tag='852'><subfield code='8'>22790153300008210</subfield><subfield code='j'>1</subfield><subfield code='b'>F18</subfield><subfield code='p'>10117102</subfield><subfield code='c'>UBYTKI_F18</subfield></datafield><datafield ind1=' ' ind2=' ' tag='852'><subfield code='8'>22726230850008411</subfield><subfield code='j'>1</subfield><subfield code='b'>014CD</subfield><subfield code='p'>01404-100045124</subfield><subfield code='c'>CDZ</subfield><subfield code='z'>KS05/13873</subfield></datafield><datafield ind1=' ' ind2=' ' tag='852'><subfield code='8'>22726230830008411</subfield><subfield code='j'>1</subfield><subfield code='b'>014F1</subfield><subfield code='p'>01408-100044465</subfield><subfield code='c'>F1D</subfield></datafield><datafield ind1=' ' ind2=' ' tag='852'><subfield code='8'>22726230810008411</subfield><subfield code='j'>1</subfield><subfield code='b'>014F2</subfield><subfield code='p'>01412-100015789</subfield><subfield code='c'>F2DZ</subfield><subfield code='z'>KS05/13873</subfield></datafield><datafield ind1=' ' ind2=' ' tag='852'><subfield code='8'>22726230810008411</subfield><subfield code='j'>1</subfield><subfield code='b'>014F2</subfield><subfield code='p'>01412-100015801</subfield><subfield code='c'>F2DZ</subfield></datafield><datafield ind1=' ' ind2=' ' tag='852'><subfield code='b'>48OMNIS_MBPG</subfield><subfield code='8'>991002336109708210</subfield></datafield><datafield ind1=' ' ind2=' ' tag='852'><subfield code='b'>48OMNIS_GLO</subfield><subfield code='8'>990003520350308411</subfield></datafield><datafield ind1=' ' ind2=' ' tag='852'><subfield code='b'>48OMNIS_NETWORK</subfield><subfield code='8'>9913261416005606</subfield></datafield><datafield ind1=' ' ind2=' ' tag='920'><subfield code='a'>83-85594-67-1</subfield></datafield></record>
  </collection>
</resp>
